| 000 | 00886nam a2200253 i 4500 | ||
|---|---|---|---|
| 001 | 8154 | ||
| 003 | KOSZ 005 | ||
| 005 | 20200505094943.0 | ||
| 008 | 071007s1966 pl a f 000 0 pol | ||
| 015 | _aPB 1966/4867 | ||
| 040 |
_aWA N _cKOSZ 005/RW _dKOSZ 005/RW |
||
| 080 | _a69:338 | ||
| 100 | 1 |
_aBień, Witold _d(1927-2018) _eAutor |
|
| 245 | 1 | 0 |
_aMetody mierzenia wielkości produkcji w budownictwie / _cWitold Bień. |
| 260 |
_aWarszawa : _b"Arkady", _c1966. |
||
| 300 |
_a138, [1] s. : _bil. ; _c24 cm. |
||
| 380 | _aKsiążki. | ||
| 504 | _aBibliogr. s. 135-[139]. | ||
| 521 | 8 | _aDla pracowników inżynierów-techników, ekonomistów i księgowych. | |
| 650 | 4 |
_aBudownictwo _xekonomika. |
|
| 710 | 2 |
_aWydawnictwo "Arkady". _4pbl. |
|
| 856 |
_uhttp://koha.tu.koszalin.pl/cgi-bin/koha/opac-detail.pl?biblionumber=8154 _yKatalog online BPK |
||
| 942 |
_2UKD _cKS |
||
| 999 |
_c8154 _d8154 |
||